| 000 | 00503ntaaa2200193 4500 | ||
|---|---|---|---|
| 003 | 01 | ||
| 005 | 20251027201449.0 | ||
| 008 | 0714s1973 ag 01 | ||
| 040 |
_aAR-BaBN _bspa _cAR-BaBN _eaacr _dRIC |
||
| 082 | _a203.0000 W52 | ||
| 100 |
_aWestphal, Alexandre _913237 |
||
| 245 | _aDictionaire Encyclopedique de la Bible | ||
| 250 | _a2 ed. | ||
| 260 |
_as/l : _bImprimeries Reunies, _c1956 |
||
| 300 | _a2 v | ||
| 650 | _aBiblia-Diccionario | ||
| 650 |
_aDiccionario de la Biblia _913238 |
||
| 942 | _cBK | ||
| 999 |
_c9168 _d9168 |
||